| 000 | 00406nam a2200181Ia 4500 | ||
|---|---|---|---|
| 003 | 0100 | ||
| 008 | 130303s9999 xx 000 0 und d | ||
| 040 | _cARRUPELIB | ||
| 050 | _aPS3525.15156Z514 1987 | ||
| 100 | _aBloom, Harold (ed) | ||
| 245 | _aArthur Miller | ||
| 260 | _aNY | ||
| 260 | _bChelsea House Publishers | ||
| 260 | _C1987 | ||
| 300 | _a164p | ||
| 650 | _bWorking capital | ||
| 942 | 0 | 0 | _01 |
| 999 |
_c22124 _d22124 |
||